000 01133nam a2200361 c 4500
001 22031
003 ES-MaCES
005 20141221122748.0
008 090403s2009 sp t o000 | spa d
017 _aM 2178-2009
_bDL
020 _a9788482357829
035 _aCES20090003968m
040 _aES-MaCES
_bspa
_cES-MaCES
245 0 0 _a2000 soluciones de Seguridad Social
_cDamián Beneyto Calabuig ... [et al.]
250 _a2ª ed
260 _aValencia
_bCISS
_c[2009]
300 _a929 p.
_c25 cm
541 _cCompra
650 4 _aseguridad social
_927034
650 4 _arégimen universal de prestaciones
_930153
650 4 _acampo de aplicación
_930263
650 4 _acotizaciones
_930106
650 4 _arecaudación de cotizaciones
_930691
650 4 _aregímenes especiales de Seguridad Social
_931067
650 4 _aEspaña
_926964
650 4 _alegislación de seguridad social
_929855
650 4 _aestudio de casos
_928846
653 1 0 _aSeguridad Social
700 1 _aBeneyto Calabuig, Damián
_97508
902 _aLIB Libro
942 _2CES
_cBK
_h3.0.
999 _c22031
_d22031